000 00943nam a2200205 i 4500
001 129669
003 ES-MaACL
005 20231228062700.0
007 t|
008 070702s1934 sp ||||1| spa d
100 1 _aZondek, Bernhard.
_9118341
245 1 4 _aLas hormonas del ovario y del lóbulo anterior de la hipófisis :
_binvestigaciones sobre la biología y la clínica de la función genital femenina /
_cpor Bernhard Zondek ; con un apéndice, la reacción hormonal de embarazo con orina humana y animal ; traducción directa del alemán por el Dr. José Mª López Morales ; prólogo del Dr. Gregorio Marañón.
260 _aBarcelona :
_bLabor,
_c1934 (
_fTall. Gráf. Iberoamericanos)
300 _aXXIII, 391 p. ;
_c24 cm.
650 4 _aHormonas sexuales.
_9170816
700 1 _aLopez Morales, José María.
_973800
700 1 _aMarañón, Gregorio,
_d1887-1960
_976311
852 4 _aES-MaACL
_jE-1656
999 _c129669
_d129669